Reverzné inžinierstvo vložky do topánok

Salvato in:
Dettagli Bibliografici
Autore principale: Strmenský, Daniel (Autore)
Altri autori: Milde, Ján (Relatore della tesi)
Natura: Manoscritto Libro
Lingua:slovacco
Pubblicazione: 2024
Soggetti:
Accesso online:http://is.stuba.sk/zp/portal_zp.pl?podrobnosti=177973
Tags: Aggiungi Tag
Nessun Tag, puoi essere il primo ad aggiungerne!!

MARC

LEADER 00000ntm a22000003a 4500
001 stuzp97715
003 SK-STU
005 20240608211119.0
007 ta
008 150427s2015----xo-----f-mn---000-0-slo-d
040 |a STU  |b slo 
041 0 |a slo 
100 1 |a Strmenský, Daniel  |u 063000  |k Z4  |4 aut  |U MTF Materiálovotechnologická fakulta  |T MTF Ústav výrobných technológií  |X 103225  |U M3000  |Y 83  |7 103225 
242 0 1 |a Reverse engineering of shoe insoles  |y eng 
245 1 0 |a Reverzné inžinierstvo vložky do topánok 
260 |c 2024 
650 4 |a reverzné inžinierstvo  |2 slo 
650 4 |a vložky do topánok  |2 slo 
650 4 |a 3D digitalizácia  |2 slo 
650 4 |a skenovanie  |2 slo 
650 4 |a reverse engineering  |2 eng 
650 4 |a shoe insoles  |2 eng 
650 4 |a 3D digitization  |2 eng 
650 4 |a scanning  |2 eng 
700 1 |a Milde, Ján  |u 063200  |k Z1  |4 ths  |U MTF Ústav výrobných technológií  |T MTF Katedra obrábania a počítačovej podpory technológií  |X 56936  |U M3200  |Y 164  |7 A000056936 
856 4 |u http://is.stuba.sk/zp/portal_zp.pl?podrobnosti=177973 
996 |c M* DP-15429  |l MMSKP  |s P  |a 0  |w stuzp97715_0001